les dirigeants Français du XIX au XXI siècle - Statistiques

Statistiques générales
  • Ce quiz a été pris 18 fois
  • Le résultat moyen est 25 sur 33
Statistiques - réponses
gouvernement dates réponse % Correct
5ème république 2017-2027 Emmanuel macron
100%
5ème république 2012-2017 François hollande
100%
5ème république 1995 -2007 Jacques Chirac
100%
5ème république 1959-1969 Charles de Gaulle
94%
France libre 1944-1947 Charles de Gaulle
94%
5ème république 1981-1995 François Mitterrand
94%
5ème république 1969-1974 Georges Pompidou
94%
5ème république 2007-2012 Nicolas Sarkozy
94%
5ème république 1974-1981 Valéry Giscard d'Estaing
94%
1er empire 1804-1815 Napoléon 1er
88%
consulat 1799-1804 Napoléon Bonaparte
88%
restauration 1824-1830 Charles X
82%
monarchie de juillet 1830-1848 Louis Philippes 1er
82%
3ème république 1887-1894 Marie François Sadi Carnot
82%
3ème république 1871-1873 Adolphe Thiers
76%
restauration 1815-1830 Louis XVIII
76%
2nd empire 1852-1871 Napoléon III
76%
3ème république 1873-1879 Patrice de Mac Mahon
76%
France de Vichy 1940-1944 Philippe Pétain
76%
3ème république 1920-1924 Alexandre Millerand
71%
3ème république 1895-1899 Félix Faure
71%
2ème république 1848-1852 Louis napoléon Bonaparte
71%
3ème république 1920-1920 Paul Deschanel
71%
3ème république 1931-1932 Paul Doumer
71%
3ème république 1913-1920 Raymond Poincaré
71%
4ème république 1954-1959 René Coty
71%
4ème république 1947-1954 Vincent Auriol
71%
3ème république 1932-1940 Albert Lebrun
59%
3ème république 1924-1931 Gaston doumergue
59%
3ème république 1894-1895 Jean Casimir-Perier
53%
3ème république 1879-1887 Jules Grévy
53%
3ème république 1906-1913 Armand Fallières
41%
3ème république 1899-1906 Émile Loubet
41%
Aucun quiz correspondant
Distribution des résultats
% des personnes avec chaque résultat
Percentile par nombre de réponses
Votre historique - résultats
Vous n’avez pas pris ce quiz